[Event "Catarinense-ch"]
[Site "Itajai"]
[Date "2023.11.24"]
[Round "2"]
[White "Volkmann, Andre Jordi"]
[Black "Albiero, Marco Antonio Batis"]
[Result "1-0"]
[WhiteElo "2092"]
[BlackElo "1623"]
[PlyCount "59"]
[EventDate "2023.11.24"]
[EventType "swiss"]
[EventRounds "6"]
[EventCountry "BRA"]
[SourceTitle "CB50_2023"]
[SourceDate "2023.12.13"]
[SourceVersion "1"]
[SourceVersionDate "2023.12.13"]
[SourceQuality "1"]

1. b4 e5 2. Bb2 d6 3. e3 Nf6 4. c4 Be7 5. Nc3 0-0 6. Be2 d5 7. cxd5 Bxb4 8. Qb3 Ba5 9. Bf3 Bxc3 10. Qxc3 Re8 11. e4 Bg4 12. Bxg4 Nxg4 13. Nf3 c6 14. dxc6 Nxc6 15. 0-0 Rc8 16. Qb3 b6 17. Rac1 Nf6 18. Qa4 Qd6 19. Rc4 Nd7 20. Ba3 Qf6 21. Rfc1 Ndb8 22. Bb2 a6 23. Qc2 Re6 24. d4 b5 25. Rc5 Nd7 26. d5 Nxc5 27. Qxc5 Rd6 28. Bxe5 Nxe5 29. Qxc8+ Rd8 30. Nxe5 1-0

[Event "Florianopolis op 9th"]
[Site "Florianopolis"]
[Date "2023.01.29"]
[Round "10"]
[White "Borsato, Ana Carolina Teodor"]
[Black "Albiero, Marco Antonio Batis"]
[Result "1-0"]
[WhiteElo "1832"]
[BlackElo "1621"]
[PlyCount "53"]
[EventDate "2023.01.23"]
[EventType "swiss"]
[EventRounds "10"]
[EventCountry "BRA"]
[SourceTitle "CBM 212 Extra"]
[Source "ChessBase"]
[SourceDate "2023.03.31"]
[SourceVersion "1"]
[SourceVersionDate "2023.03.31"]
[SourceQuality "1"]

1. e4 e5 2. Nf3 Nc6 3. d4 exd4 4. Bc4 Nf6 5. e5 d5 6. Bb5 Ne4 7. 0-0 Bc5 8. Nxd4 Bd7 9. Nb3 Nxe5 10. Bxd7+ Qxd7 11. Nxc5 Nxc5 12. Re1 Qe6 13. f4 Ne4 14. fxe5 Qxe5 15. Be3 0-0-0 16. Bd4 Qf5 17. Rf1 Qg6 18. Qf3 f6 19. Nc3 c5 20. Nxe4 dxe4 21. Qh3+ Kb8 22. Bxc5 Rd2 23. Bxa7+ Ka8 24. Bf2 Rhd8 25. Qa3+ Kb8 26. Bg3+ Kc8 27. Qc3+ 1-0

[Event "Florianopolis op 9th"]
[Site "Florianopolis"]
[Date "2023.01.27"]
[Round "7"]
[White "Albiero, Marco Antonio Batis"]
[Black "Lima, Yuri Ramos Santos"]
[Result "1-0"]
[WhiteElo "1621"]
[BlackElo "1284"]
[PlyCount "83"]
[EventDate "2023.01.23"]
[EventType "swiss"]
[EventRounds "10"]
[EventCountry "BRA"]
[SourceTitle "CBM 212 Extra"]
[Source "ChessBase"]
[SourceDate "2023.03.31"]
[SourceVersion "1"]
[SourceVersionDate "2023.03.31"]
[SourceQuality "1"]

1. e4 c5 2. Nf3 d6 3. d4 cxd4 4. Nxd4 Nf6 5. Nc3 a6 6. Be2 e5 7. Nb3 Be6 8. 0-0 Be7 9. f4 exf4 10. Bxf4 0-0 11. Qe1 Nc6 12. Qg3 Qc7 13. Kh1 Rad8 14. Rad1 Ne5 15. Nd4 b5 16. a3 Ng6 17. Nf5 Bxf5 18. exf5 Nxf4 19. Qxf4 Qc5 20. Rd3 Qe5 21. Qd2 Rfe8 22. Rg3 d5 23. Bd3 Bf8 24. Rh3 d4 25. Ne2 Ng4 26. Qg5 Nf6 27. Ng3 Qe3 28. Qh4 Qe5 29. Ne4 Be7 30. Nxf6+ Bxf6 31. Qxh7+ Kf8 32. Qh5 Qc7 33. Qf3 Re3 34. Qg4 Rxh3 35. Qxh3 Kg8 36. Qf3 Re8 37. Kg1 Re3 38. Qa8+ Kh7 39. Qxa6 Be5 40. h3 Bg3 41. Qxb5 Qe7 42. f6+ 1-0

[Event "Florianopolis op 9th"]
[Site "Florianopolis"]
[Date "2023.01.24"]
[Round "3"]
[White "Albiero, Marco Antonio Batis"]
[Black "Pertuzatti, Daniel"]
[Result "0-1"]
[WhiteElo "1621"]
[BlackElo "1973"]
[PlyCount "56"]
[EventDate "2023.01.23"]
[EventType "swiss"]
[EventRounds "10"]
[EventCountry "BRA"]
[SourceTitle "CBM 212 Extra"]
[Source "ChessBase"]
[SourceDate "2023.03.31"]
[SourceVersion "1"]
[SourceVersionDate "2023.03.31"]
[SourceQuality "1"]

1. e4 Nf6 2. Nc3 d5 3. exd5 Nxd5 4. Bc4 c6 5. Nf3 Bg4 6. h3 Bh5 7. Nxd5 cxd5 8. Bb5+ Nc6 9. g4 Bg6 10. Ne5 Qb6 11. Ba4 e6 12. d4 Be7 13. h4 f6 14. Nxg6 hxg6 15. c3 0-0-0 16. Bxc6 Qxc6 17. Qf3 e5 18. Be3 e4 19. Qg3 g5 20. h5 Bd6 21. Qg2 Qa4 22. Kd2 Qb5 23. Kc2 Qd3+ 24. Kc1 Ba3 25. Bd2 Bxb2+ 26. Kxb2 Qxd2+ 27. Kb3 Rd6 28. Qg3 Rb6+ 0-1

[Event "Florianopolis op 9th"]
[Site "Florianopolis"]
[Date "2023.01.24"]
[Round "2"]
[White "Rahn, Marlon Cristiano"]
[Black "Albiero, Marco Antonio Batis"]
[Result "0-1"]
[WhiteElo "1226"]
[BlackElo "1621"]
[PlyCount "64"]
[EventDate "2023.01.23"]
[EventType "swiss"]
[EventRounds "10"]
[EventCountry "BRA"]
[SourceTitle "CBM 212 Extra"]
[Source "ChessBase"]
[SourceDate "2023.03.31"]
[SourceVersion "1"]
[SourceVersionDate "2023.03.31"]
[SourceQuality "1"]

1. e4 e5 2. Nf3 Nc6 3. Bc4 Bc5 4. c3 Nf6 5. d3 d6 6. Bg5 0-0 7. Nbd2 a6 8. Bb3 h6 9. Bh4 Be6 10. Bc2 d5 11. exd5 Bxd5 12. 0-0 Re8 13. Re1 b5 14. Nf1 Qd6 15. Ne3 Bxe3 16. fxe3 e4 17. Bg3 Qe7 18. Nd4 Nxd4 19. exd4 c5 20. dxe4 Bxe4 21. Bxe4 Nxe4 22. Qg4 cxd4 23. cxd4 Nf6 24. Rxe7 Nxg4 25. Rxe8+ Rxe8 26. Re1 Rd8 27. Rd1 Kf8 28. d5 Ne3 29. Bc7 Rd7 30. d6 Nxd1 31. b3 Ne3 32. Kf2 Nf5 0-1

[Event "Concordia op 6th"]
[Site "Concordia"]
[Date "2022.10.14"]
[Round "5"]
[White "Albiero, Marco Antonio Batis"]
[Black "Moyses Sobrinho, Elias"]
[Result "1/2-1/2"]
[WhiteElo "1584"]
[BlackElo "1848"]
[PlyCount "109"]
[EventDate "2022.10.12"]
[EventType "swiss"]
[EventRounds "9"]
[EventCountry "BRA"]
[SourceTitle "CBM 210 Extra"]
[Source "ChessBase"]
[SourceDate "2022.11.30"]
[SourceVersion "1"]
[SourceVersionDate "2022.11.30"]
[SourceQuality "1"]

1. e4 d5 2. exd5 Nf6 3. Nc3 Nxd5 4. d4 Bf5 5. Qf3 e6 6. Nxd5 Qxd5 7. Qxd5 exd5 8. c3 Bd6 9. g3 0-0 10. Bg2 c6 11. Nf3 h6 12. 0-0 Nd7 13. Be3 Rfe8 14. Nd2 Nf6 15. Rfe1 Ng4 16. a3 Nxe3 17. fxe3 Re7 18. c4 dxc4 19. Nxc4 Bc7 20. e4 Rae8 21. Nd2 Bb6 22. Kf1 Bg6 23. Nc4 Bxe4 24. Rxe4 Rxe4 25. Nd6 Re1+ 26. Rxe1 Rxe1+ 27. Kxe1 Bxd4 28. b4 Bb2 29. Nc4 Bc3+ 30. Ke2 b6 31. Kd3 Bf6 32. Nd6 a5 33. Nc8 axb4 34. axb4 Bd8 35. Kc4 Kf8 36. Na7 c5 37. bxc5 bxc5 38. Kxc5 Ke7 39. Nc6+ Kd7 40. Kd5 Bc7 41. Nd4 Ke7 42. Ke4 Kf6 43. Nf5 h5 44. Ne3 Kg5 45. Kf3 Bb6 46. Nc4 Bd4 47. Nd6 f5 48. Nc4 h4 49. gxh4+ Kxh4 50. Nd6 g6 51. Kf4 g5+ 52. Kxf5 g4 53. Ne4 Bg1 54. Nf6 Bxh2 55. Nxg4 1/2-1/2

[Event "Concordia op 6th"]
[Site "Concordia"]
[Date "2022.10.12"]
[Round "2"]
[White "Heredia Serrano, Carla Sofia"]
[Black "Albiero, Marco Antonio Batis"]
[Result "1-0"]
[WhiteElo "2095"]
[BlackElo "1584"]
[PlyCount "55"]
[EventDate "2022.10.12"]
[EventType "swiss"]
[EventRounds "9"]
[EventCountry "BRA"]
[SourceTitle "CBM 210 Extra"]
[Source "ChessBase"]
[SourceDate "2022.11.30"]
[SourceVersion "1"]
[SourceVersionDate "2022.11.30"]
[SourceQuality "1"]

1. e4 e5 2. Nf3 Nc6 3. Bc4 Bc5 4. b4 Bxb4 5. c3 Ba5 6. d4 d6 7. Qb3 Qe7 8. d5 Nd4 9. Nxd4 exd4 10. 0-0 Bxc3 11. Nxc3 dxc3 12. Qxc3 Nf6 13. e5 Ne4 14. Bb5+ Bd7 15. Bxd7+ Qxd7 16. Qe3 Qf5 17. f3 Qxe5 18. Qxe4 0-0-0 19. Bf4 Qxe4 20. fxe4 Rhe8 21. Rfe1 Rd7 22. Rac1 Rde7 23. Bxd6 Rxe4 24. Rxe4 Rxe4 25. Rxc7+ Kd8 26. Rxb7 Ke8 27. Rxa7 Rd4 28. Ra5 1-0

[Event "Santa Catarina-ch U18"]
[Site "Blumenau"]
[Date "2022.03.27"]
[Round "6"]
[White "Machado, Luiz Fernando"]
[Black "Albiero, Marco Antonio Batis"]
[Result "0-1"]
[WhiteElo "1662"]
[BlackElo "1604"]
[PlyCount "66"]
[EventDate "2022.03.25"]
[EventType "swiss"]
[EventRounds "6"]
[EventCountry "BRA"]
[SourceTitle "EXT 2023"]
[Source "ChessBase"]
[SourceDate "2022.10.05"]
[SourceVersion "1"]
[SourceVersionDate "2022.10.05"]
[SourceQuality "1"]

1. e4 e5 2. Bc4 Nc6 3. Nc3 Bc5 4. Qg4 Qf6 5. Nd5 Qxf2+ 6. Kd1 Kf8 7. Nh3 h5 8. Qg5 Qd4 9. d3 Be7 10. Qf5 d6 11. Qf1 Be6 12. c3 Qc5 13. b4 Nxb4 14. cxb4 Qc6 15. Nxe7 Qa4+ 16. Ke1 Kxe7 17. Bxe6 fxe6 18. Bd2 Rf8 19. Qe2 Nf6 20. Rf1 Ng4 21. Rxf8 Rxf8 22. Rc1 c6 23. g3 Kd7 24. Bc3 d5 25. Rc2 d4 26. Bxd4 exd4 27. Rb2 Ne3 28. Nf2 g6 29. Rb3 e5 30. Qb2 a5 31. bxa5 Qxa5+ 32. Ke2 Rxf2+ 33. Kxf2 Nd1+ 0-1

[Event "Santa Catarina-ch U18"]
[Site "Blumenau"]
[Date "2022.03.26"]
[Round "2"]
[White "De Borba, Gabriel"]
[Black "Albiero, Marco Antonio Batis"]
[Result "1-0"]
[WhiteElo "2183"]
[BlackElo "1604"]
[PlyCount "47"]
[EventDate "2022.03.25"]
[EventType "swiss"]
[EventRounds "6"]
[EventCountry "BRA"]
[SourceTitle "EXT 2023"]
[Source "ChessBase"]
[SourceDate "2022.10.05"]
[SourceVersion "1"]
[SourceVersionDate "2022.10.05"]
[SourceQuality "1"]

1. c4 e6 2. Nc3 d5 3. cxd5 exd5 4. d4 Nf6 5. Bg5 Be7 6. Bxf6 Bxf6 7. e3 0-0 8. Bd3 c6 9. Nge2 Bg5 10. Qc2 f5 11. g3 Qe8 12. h4 Bh6 13. 0-0-0 b5 14. Nf4 a5 15. Nce2 Na6 16. Kb1 Nb4 17. Qb3 Ba6 18. Ka1 Bxf4 19. Nxf4 Nxd3 20. Nxd3 Qe4 21. Ne5 c5 22. f3 c4 23. Qc3 b4 24. Qc1 1-0

[Event "Florianopolis op 8th"]
[Site "Florianopolis"]
[Date "2022.01.25"]
[Round "3"]
[White "Pedroso, Denian"]
[Black "Albiero, Marco Antonio Batis"]
[Result "1-0"]
[WhiteElo "1876"]
[BlackElo "1536"]
[PlyCount "121"]
[EventDate "2022.01.24"]
[EventType "swiss"]
[EventRounds "10"]
[EventCountry "BRA"]
[SourceTitle "EXT 2023"]
[Source "ChessBase"]
[SourceDate "2022.10.05"]
[SourceVersion "1"]
[SourceVersionDate "2022.10.05"]
[SourceQuality "1"]

1. e4 e5 2. Nf3 Nc6 3. Bb5 a6 4. Bxc6 dxc6 5. 0-0 Bg4 6. h3 Bh5 7. d3 Bc5 8. Be3 Qd6 9. Nbd2 f6 10. Qe1 g5 11. Nc4 Qe7 12. Nfd2 g4 13. Qe2 Bxe3 14. Nxe3 Nh6 15. hxg4 Bf7 16. Nf3 Qc5 17. Nh4 0-0-0 18. a3 Rdg8 19. g3 Be6 20. b4 Qb6 21. Nhf5 Nxf5 22. Nxf5 Bxf5 23. gxf5 Rxg3+ 24. Kh2 Rg5 25. Rg1 h6 26. Rxg5 hxg5+ 27. Kg2 c5 28. Rh1 Rxh1 29. Kxh1 cxb4 30. Qh5 Kb8 31. axb4 Ka7 32. Qf7 Qd6 33. Qc4 Kb6 34. c3 c6 35. d4 Kc7 36. Kg2 Kb6 37. Kf1 Kc7 38. Ke2 Kb6 39. Kd3 Kc7 40. Kc2 Kb6 41. Kb3 Kc7 42. f3 Qe7 43. Qg8 Qd6 44. Qf7+ Kb6 45. Qc4 Kc7 46. Kc2 Kb6 47. Kb2 Kc7 48. Kb3 Kb6 49. Qc5+ Kc7 50. Kc2 b6 51. Qc4 Kb7 52. Qf7+ Kb8 53. Qe8+ Kb7 54. dxe5 fxe5 55. Qf7+ Kb8 56. f6 c5 57. Qe8+ Kc7 58. f7 c4 59. Kc1 Qd3 60. Qxe5+ Kb7 61. Qd5+ 1-0

[Event "BRA-ch U20"]
[Site "Concordia"]
[Date "2021.10.03"]
[Round "6"]
[White "Albiero, Marco Antonio Batis"]
[Black "De Freitas, Isabella Ribeiro Co"]
[Result "0-1"]
[WhiteElo "1546"]
[BlackElo "1909"]
[PlyCount "64"]
[EventDate "2021.09.30"]
[EventType "swiss"]
[EventRounds "6"]
[EventCountry "BRA"]
[SourceTitle "EXT 2023"]
[Source "ChessBase"]
[SourceDate "2022.10.05"]
[SourceVersion "1"]
[SourceVersionDate "2022.10.05"]
[SourceQuality "1"]

1. e4 c5 2. Nf3 Nc6 3. d4 cxd4 4. Nxd4 g6 5. Nc3 Bg7 6. Be3 Nf6 7. f3 0-0 8. Qd2 d5 9. 0-0-0 dxe4 10. Nxc6 Qxd2+ 11. Rxd2 bxc6 12. fxe4 Ng4 13. Bg5 f6 14. Bf4 e5 15. h3 exf4 16. hxg4 Bxg4 17. Rd6 Rac8 18. Bc4+ Kh8 19. e5 f3 20. e6 fxg2 21. Rg1 Bf3 22. Rd3 Bg4 23. Rxg2 f5 24. Rd7 Rfd8 25. Rxa7 Rd4 26. Bd3 Re8 27. Be2 Bh6+ 28. Kb1 Rxe6 29. a4 Bxe2 30. Nxe2 Rd2 31. Rh2 g5 32. Nf4 Re1+ 0-1

[Event "BRA-ch U16"]
[Site "Florianopolis"]
[Date "2021.07.03"]
[Round "5"]
[White "Albiero, Marco Antonio Batis"]
[Black "Silva, Guilherme Henrique"]
[Result "0-1"]
[WhiteElo "1559"]
[BlackElo "1769"]
[PlyCount "68"]
[EventDate "2021.07.01"]
[EventType "swiss"]
[EventRounds "6"]
[EventCountry "BRA"]
[SourceTitle "CBM 203 Extra"]
[Source "ChessBase"]
[SourceDate "2021.09.30"]
[SourceVersion "1"]
[SourceVersionDate "2021.09.30"]
[SourceQuality "1"]

1. e4 c5 2. Nf3 d6 3. d4 cxd4 4. Nxd4 Nf6 5. Nc3 a6 6. Be2 e6 7. 0-0 Qc7 8. Kh1 b5 9. a3 Bb7 10. Bd3 d5 11. Qe2 dxe4 12. Nxe4 Be7 13. Ng5 Bd5 14. b3 h6 15. Nh3 Bd6 16. c4 bxc4 17. bxc4 Bb7 18. Bb2 0-0 19. f4 Nbd7 20. Rad1 Rfe8 21. Qd2 Nc5 22. Bc2 Rad8 23. Nb3 Nxb3 24. Bxb3 Bxa3 25. Qe2 Bxb2 26. Qxb2 Rxd1 27. Rxd1 Bc6 28. Ra1 Qb7 29. Ra3 Rd8 30. Qa2 Rd3 31. Nf2 Bxg2+ 32. Kg1 Rf3 33. Bc2 Ng4 34. Rxa6 Rxf2 0-1

[Event "BRA-ch U16"]
[Site "Florianopolis"]
[Date "2021.07.02"]
[Round "3"]
[White "Albiero, Marco Antonio Batis"]
[Black "Moreira, Nickolas Misturini"]
[Result "1-0"]
[WhiteElo "1559"]
[BlackElo "1800"]
[PlyCount "179"]
[EventDate "2021.07.01"]
[EventType "swiss"]
[EventRounds "6"]
[EventCountry "BRA"]
[SourceTitle "CBM 203 Extra"]
[Source "ChessBase"]
[SourceDate "2021.09.30"]
[SourceVersion "1"]
[SourceVersionDate "2021.09.30"]
[SourceQuality "1"]

1. e4 Nf6 2. e5 Nd5 3. d4 d6 4. exd6 exd6 5. Nf3 Be7 6. c4 Nb6 7. Be2 0-0 8. 0-0 Bg4 9. b3 Nc6 10. Nc3 Bf6 11. Be3 Re8 12. h3 Bxf3 13. Bxf3 Bg5 14. Qd2 Bxe3 15. fxe3 Qg5 16. Rae1 Re7 17. Bg4 Rae8 18. Rf5 Qh6 19. Nd1 g6 20. Rf2 Qg7 21. Ref1 Nd8 22. a4 f5 23. Bf3 c6 24. g4 fxg4 25. Bxg4 Rf7 26. Rxf7 Nxf7 27. a5 Na8 28. Qb4 b6 29. Bd7 c5 30. Qd2 Re7 31. Bc6 Nc7 32. dxc5 dxc5 33. axb6 axb6 34. Bd5 Qe5 35. Bxf7+ Rxf7 36. Qg2 Rxf1+ 37. Kxf1 Qf5+ 38. Ke1 Ne6 39. Nc3 Qe5 40. Kd2 Qd6+ 41. Nd5 Nc7 42. e4 Nxd5 43. exd5 Qf4+ 44. Kc2 Qf5+ 45. Kd2 Qe5 46. Qf3 h5 47. Qe3 Qd6 48. Kd3 Kg7 49. Qg5 Kh7 50. Qe3 b5 51. Qg5 bxc4+ 52. bxc4 Qd7 53. Ke4 Qxh3 54. d6 Qe6+ 55. Qe5 Qxc4+ 56. Ke3 Qf7 57. Qxc5 Qb3+ 58. Ke4 Qb1+ 59. Kd5 Qh1+ 60. Ke6 Qh3+ 61. Ke7 Qh4+ 62. Kd7 Qg4+ 63. Kc7 Qf4 64. Kb7 h4 65. Qc7+ Kh6 66. d7 Qe4+ 67. Qc6 Qb4+ 68. Kc8 Qg4 69. Kb8 Qf4+ 70. Qc7 Qb4+ 71. Ka7 Qa4+ 72. Kb6 Qb4+ 73. Kc6 Qc4+ 74. Kb7 Qb4+ 75. Kc8 Qg4 76. Qc1+ Kh7 77. Kc7 Qg3+ 78. Kc6 Qf3+ 79. Kd6 Qf6+ 80. Kc7 Qe5+ 81. Kc8 Qf5 82. Qc4 h3 83. Qh4+ Kg7 84. Qe7+ Kh6 85. Qe3+ Kh5 86. Kc7 Qf7 87. Qxh3+ Kg5 88. Qe3+ Kh5 89. Qe4 g5 90. Kc8 1-0

[Event "Santa Catarina State-ch 63rd"]
[Site "Timbo"]
[Date "2019.06.07"]
[Round "1"]
[White "Albiero, Marco Antonio Batis"]
[Black "De Carvalho, Christopher"]
[Result "1/2-1/2"]
[WhiteElo "1495"]
[BlackElo "2133"]
[PlyCount "65"]
[EventDate "2019.06.07"]
[EventType "swiss"]
[EventRounds "6"]
[EventCountry "BRA"]
[SourceTitle "EXT 2020"]
[Source "ChessBase"]
[SourceDate "2019.10.17"]
[SourceVersion "1"]
[SourceVersionDate "2019.10.17"]
[SourceQuality "1"]

1. e4 c5 2. Nf3 Nc6 3. d4 cxd4 4. Nxd4 Nf6 5. Nc3 e5 6. Nb3 Bb4 7. Bd3 d5 8. exd5 Nxd5 9. Bd2 Bxc3 10. bxc3 0-0 11. 0-0 f5 12. Re1 b6 13. Bb5 Nde7 14. Bg5 Qc7 15. Qe2 Bb7 16. Bxe7 Nxe7 17. Qxe5 Qxe5 18. Rxe5 Ng6 19. Re3 Rac8 20. Rae1 Nf4 21. f3 Nd5 22. Re5 Rxc3 23. Bd7 Nb4 24. Nd4 g6 25. Re7 Bd5 26. Nb5 Rxc2 27. Nd6 Nd3 28. Rd1 Rc1 29. Rxc1 Nxc1 30. a4 Nd3 31. Bb5 Nc5 32. Rxa7 Rd8 33. Nc4 1/2-1/2

[Event "Concordia op 5th"]
[Site "Concordia"]
[Date "2019.05.02"]
[Round "3"]
[White "Albiero, Marco Antonio Batis"]
[Black "Dos Santos, Haroldo Cunha Jr"]
[Result "0-1"]
[WhiteElo "1527"]
[BlackElo "2126"]
[PlyCount "62"]
[EventDate "2019.05.01"]
[EventType "swiss"]
[EventRounds "9"]
[EventCountry "BRA"]
[SourceTitle "CBM 190 Extra"]
[Source "ChessBase"]
[SourceDate "2019.07.15"]
[SourceVersion "1"]
[SourceVersionDate "2019.07.15"]
[SourceQuality "1"]

1. e4 e5 2. Nf3 Nc6 3. Bc4 Bc5 4. c3 Qe7 5. d3 d6 6. Nbd2 f5 7. exf5 Bxf5 8. Nf1 Nf6 9. Ng3 Bd7 10. b4 Bb6 11. 0-0 a5 12. b5 Nd8 13. Ba3 Nf7 14. Re1 0-0-0 15. Qb3 Rhf8 16. d4 e4 17. Nd2 Ng4 18. Ndxe4 Nfe5 19. Re2 Qh4 20. Nf1 Nxc4 21. Qxc4 Kb8 22. h3 Nf6 23. Nxf6 Rxf6 24. Qd3 Rdf8 25. Ng3 g5 26. Re7 R6f7 27. Rxf7 Rxf7 28. Rb1 g4 29. Qe4 Qf6 30. Qe2 gxh3 31. Nh5 Qg6 0-1

[Event "BRA-ch U14"]
[Site "Florianopolis"]
[Date "2019.04.20"]
[Round "3"]
[White "Albiero, Marco Antonio Batis"]
[Black "Garcia, Otavio Landerdahl"]
[Result "1-0"]
[WhiteElo "1544"]
[BlackElo "1188"]
[PlyCount "29"]
[EventDate "2019.04.18"]
[EventType "swiss"]
[EventRounds "6"]
[EventCountry "BRA"]
[SourceTitle "CBM 190 Extra"]
[Source "ChessBase"]
[SourceDate "2019.07.15"]
[SourceVersion "1"]
[SourceVersionDate "2019.07.15"]
[SourceQuality "1"]

1. e4 e6 2. Nf3 d5 3. Nc3 Nf6 4. e5 Nfd7 5. d4 c5 6. dxc5 Bxc5 7. Bd3 Nc6 8. Bf4 Qc7 9. Qe2 Nd4 10. Nxd4 Bxd4 11. Nb5 Qb6 12. Nd6+ Kf8 13. Qh5 g6 14. Qh6+ Kg8 15. Ne8 1-0

[Event "Florianopolis op 5th"]
[Site "Florianopolis"]
[Date "2019.01.27"]
[Round "10"]
[White "Albiero, Marco Antonio Batis"]
[Black "Neumann, Jose Verner"]
[Result "1-0"]
[WhiteElo "1565"]
[BlackElo "1758"]
[PlyCount "47"]
[EventDate "2019.01.21"]
[EventType "swiss"]
[EventRounds "10"]
[EventCountry "BRA"]
[SourceTitle "EXT 2020"]
[Source "ChessBase"]
[SourceDate "2019.10.17"]
[SourceVersion "1"]
[SourceVersionDate "2019.10.17"]
[SourceQuality "1"]

1. e4 e5 2. Nf3 Nf6 3. Nc3 d6 4. d4 exd4 5. Qxd4 Nc6 6. Bb5 Bd7 7. Qc4 Be7 8. 0-0 0-0 9. Bf4 a6 10. Bxc6 Bxc6 11. e5 Bxf3 12. exf6 Bxf6 13. gxf3 Re8 14. Rae1 Qd7 15. Nd5 Rxe1 16. Nxf6+ gxf6 17. Rxe1 Qf5 18. Kh1 b5 19. Qe4 Qc8 20. Bh6 f5 21. Rg1+ Kh8 22. Bg7+ Kg8 23. Bf6+ Kf8 24. Qe7# 1-0

[Event "BRA-ch U14"]
[Site "Florianopolis"]
[Date "2018.04.28"]
[Round "2"]
[White "Woichinevski, Joao Vinicius Peruc"]
[Black "Albiero, Marco Antonio Batis"]
[Result "0-1"]
[WhiteElo "1566"]
[BlackElo "1518"]
[PlyCount "82"]
[EventDate "2018.04.28"]
[EventType "swiss"]
[EventRounds "6"]
[EventCountry "BRA"]
[SourceTitle "EXT 2021"]
[Source "ChessBase"]
[SourceDate "2020.10.23"]
[SourceVersion "1"]
[SourceVersionDate "2020.10.23"]
[SourceQuality "1"]

1. Nf3 d5 2. d4 Nf6 3. g3 e6 4. c4 Be7 5. cxd5 exd5 6. Bg2 0-0 7. 0-0 b6 8. Nc3 Bb7 9. b3 c5 10. dxc5 Bxc5 11. Bg5 d4 12. Na4 h6 13. Nxc5 bxc5 14. Bc1 Re8 15. Re1 Nbd7 16. e3 dxe3 17. Bxe3 Qb6 18. Nh4 Bxg2 19. Kxg2 Rad8 20. Qc2 Ng4 21. Nf5 Rc8 22. Qc3 Qg6 23. Nh4 Qe4+ 24. Kg1 Qc6 25. Rad1 Nde5 26. f4 Nf3+ 27. Nxf3 Qxf3 28. Rd3 Rxe3 29. Rf1 Rxd3 30. Rxf3 Rxc3 31. Rxc3 Nf6 32. b4 Nd5 33. Rxc5 Rxc5 34. bxc5 Kf8 35. Kf2 Ke8 36. Kf3 f5 37. g4 g6 38. h4 h5 39. gxh5 gxh5 40. c6 Ke7 41. c7 Kd7 0-1